Science Quiz

Random Science Quiz

Activity 2 Physics Revision Quiz Stats

 Plays Quiz not verified by Sporcle

Also try: What Planet...
Challenge
Share
Tweet
Embed
Score 0/11 Timer 20:00
0 Plays Today
Question Answer % Correct
What type of nuclear reactor would expect Uranium-235 to be used in????
100%
A mobile emits EM radiation @ 1.2 watts per kilogram. Assuming it is absorbed uniformly over 5kg in a 10 minute call, what dose would be delivered in Gy????
50%
Deuterium (an isotope of Hydrogen with an extra neutron) has a nuclear mass of 2.01355321270 u. What is its binding energy in MeV????
50%
How many nuclei are there in 1mg of Americium-241????
0%
During fission, Uranium-235 can split into Xenon-140, two neutrons and another element. What is this element????
0%
In larger stars, Carbon-12 is fused with Hydrogen-1. What single nucleus does this produce????
0%
Some americium-241 has an activity of 3kBq. What is its activity after 10 years when lambda=5.07x10^-11????
0%
Where would you expect to find the most stable elements in a graph plotting nucleon number against binding energy????
0%
What is the dose equivalent in mSv of a combination of doses of 1mGy, of which 20% is alpha radiation and the rest is Gamma radiation????
0%
If 1 million people were exposed to a dose of 200x10^-6 Sv, how many people would you expect to get cancer (taking the risk of cancer from 1Sv=3%)????
0%
The energy from a U-235 fission event is 202 MeV. How many such events would it take to create 1J of energy????
0%

You're not logged in!

Compare scores with friends on all Sporcle quizzes.
Join for Free
OR
Log In

You Might Also Like...

Show Comments

Extras

Created Apr 18, 2016ReportNominate
Tags:activity, chapter, secret

Top Quizzes Today


Score Distribution

Your Account Isn't Verified!

In order to create a playlist on Sporcle, you need to verify the email address you used during registration. Go to your Sporcle Settings to finish the process.

Report this User

Report this user for behavior that violates our Community Guidelines.

Details: